Sports Quiz

Random Sports or Basketball Quiz
Score 0/50 Timer 12:00
0 Plays Today
Hint Answer % Correct
Kareem Abdul-JabbarUniverstiy of California Los Angeles
94.5%
Bill WaltonUniverstiy of California Los Angeles
94.5%
Billy CunninghamUniversity of North Carolina at Chapel Hill
91.6%
Michael JordanUniversity of North Carolina at Chapel Hill
91.6%
James WorthyUniversity of North Carolina at Chapel Hill
91.6%
Larry BirdIndiana State University
88.7%
Isiah ThomasIndiana University
88.7%
Pete MaravichLouisiana State University and Agricultural and Mechanical College
87.1%
Shaquille O'NealLouisiana State University and Agricultural and Mechanical College
87.1%
Bob PettitLouisiana State University and Agricultural and Mechanical College
87.1%
Magic JohnsonMichigan State University
83.2%
John HavlicekThe Ohio State University
80.6%
Clyde DrexlerUniversity of Houston
80.3%
Patrick EwingGeorgetown University
80.3%
Elvin HayesUniversity of Houston
80.3%
Hakeem OlajuwonUniversity of Houston
80.3%
Wilt ChamberlainUniversity of Kansas
77.4%
David RobinsonUnited States Naval Academy
71%
Charles BarkleyAuburn University
64.8%
John StocktonGonzaga University
63.2%
Bill RussellUniversity of San Francisco
57.4%
Jerry LucasThe Ohio State University
56.1%
Dave CowensFlorida State University
53.5%
Kevin McHale The University of Minnesota, Twin Cities
52.3%
Jerry WestWest Virginia University
49.7%
Hint Answer % Correct
Dave BingSyracuse University
49.4%
Oscar RobertsonUniversity of Cincinnati
49.4%
Bill SharmanUniversity of Southern California
48.7%
Karl MaloneLouisiana Tech University
39.7%
Julius ErvingUniversity of Massachusetts Amherst
35.2%
Moses MaloneNone
34.5%
Wes UnseldUniversity of Louisville
29.4%
Scottie PippenThe University of Central Arkansas
29%
Paul ArizinVillanova University
23.5%
Elgin BaylorSeattle University
22.9%
Bob CousyCollege of the Holy Cross
22.9%
George MikanDePaul University
22.9%
Lenny WilkensProvidence College
14.8%
Robert ParishCentenary College of Louisiana
14.2%
Dave DeBusschereUniversity of Detroit Mercy
13.5%
Nate ArchibaldUniversity of Texas El Paso
11.6%
Willis ReedGrambling State University
11.6%
Walt FrazierSouthern Illinois University Carbondale
10%
Hal GreerMarshall University
6.8%
Nate ThurmondBowling Green State University
6.5%
George GervinEastern Michigan University
5.5%
Earl MonroeWinston-Salem State University
4.8%
Dolph SchayesNew York University
2.6%
Sam JonesNorth Carolina Central University
1.6%
Rick BarryUniversity of Miami (FL)
1.3%
Remove Ads.
Support Sporcle.
Get the best of Sporcle when you Go Orange. This ad-free experience offers more features, more stats, and more fun while also helping to support Sporcle. Thank you for becoming a member.

You're not logged in!

Compare scores with friends on all Sporcle quizzes.
OR
Log In

Show Comments

Extras

Top Quizzes Today


Score Distribution

Your Account Isn't Verified!

In order to create a playlist on Sporcle, you need to verify the email address you used during registration. Go to your Sporcle Settings to finish the process.

Report this User

Report this user for behavior that violates our Community Guidelines.

Details: